| 000 | 00421nam a2200169 a 4500 | ||
|---|---|---|---|
| 005 | 20140412111414.0 | ||
| 008 | 070702s19uu xx 00 eng d | ||
| 020 | _a1-85152-465-7 | ||
| 050 |
_aREF 912.3 _bY72 1993 |
||
| 245 | _aChildren's picture atlas. | ||
| 260 |
_bChancellor Press, _c1993. |
||
| 300 | _a64 | ||
| 440 | _aPhilip's | ||
| 500 | _aAn atlas for 6-11 year olds | ||
| 650 | _aAtlas | ||
| 999 |
_c105778 _d105778 |
||